000 00316nam a2200121Ia 4500
008 151021s9999 xx 000 0 und d
020 _a9.7899660615e+012
050 _aPA4413.w3752009
245 _a_Antigoni
260 _aNairobi Longman Kenya Ltd 2009
300 _axiv,77p.
980 _a^d20110107 03:37:26^oanne
999 _c5952
_d5952